| 000 | 00456nab a2200145Ia 4500 | ||
|---|---|---|---|
| 003 | ES-SlBCS | ||
| 005 | 20210601134051.0 | ||
| 008 | 140529s1987 xxu||||| |||| 00| 0 por d | ||
| 041 | _apor | ||
| 100 | 1 |
_aLonghi, Mainar _9212809 |
|
| 245 | 0 | 0 |
_aAspectos lingüísticos em duas greves uniersitárias (PUCRS E PUCSP) _c Mainar Longhi |
| 650 | 0 | 4 |
_aUniversidad-Brasil _9208978 |
| 773 | 0 |
_tVeritas _gvol. 32, nº. 126, 1987, págs. 195-204 _wRev488 |
|
| 942 | _cAR | ||
| 999 |
_c606556 _d606556 |
||